Compendium of rice disease
International in scope, this compendium pulls together hard-to-find information on more than 75 diseases and disorders.
محفوظ في:
| التنسيق: | كتاب |
|---|---|
| اللغة: | Undetermined |
| منشور في: |
St. Paul, Minn., USA
APS Press
1992
|
| الموضوعات: | |
| الوسوم: |
إضافة وسم
لا توجد وسوم, كن أول من يضع وسما على هذه التسجيلة!
|
| Thư viện lưu trữ: | Trung tâm Học liệu Trường Đại học Cần Thơ |
|---|
| LEADER | 00688nam a2200193Ia 4500 | ||
|---|---|---|---|
| 001 | CTU_145328 | ||
| 008 | 210402s9999 xx 000 0 und d | ||
| 020 | |c 98.57 | ||
| 082 | |a 633.1893 | ||
| 082 | |b C736 | ||
| 245 | 0 | |a Compendium of rice disease | |
| 245 | 0 | |c Edited by Robert K. Webster, Pamela S. Gunnell. | |
| 260 | |a St. Paul, Minn., USA | ||
| 260 | |b APS Press | ||
| 260 | |c 1992 | ||
| 520 | |a International in scope, this compendium pulls together hard-to-find information on more than 75 diseases and disorders. | ||
| 650 | |a Rice,Cây lúa | ||
| 650 | |x Diseases and pests,Bệnh và côn trùng gây hại | ||
| 980 | |a Trung tâm Học liệu Trường Đại học Cần Thơ | ||